| 000 | 00914nam a2200193Ia 4500 | ||
|---|---|---|---|
| 003 | OSt | ||
| 005 | 20210813141741.0 | ||
| 008 | 210310s1993 ck fr 100 0 spa d | ||
| 040 |
_aCO-JMCR _cCO-JMCR |
||
| 041 | 0 | _aspa | |
| 082 | 0 | 4 |
_a336.32 / _bS471t1 _223 |
| 111 | 2 |
_aSeminario sobre Titularización _d(1992 : _cBogotá) _939382 |
|
| 245 | 1 | 0 |
_aTitularización / _cBolsa de Bogotá |
| 260 |
_aBogotá : _bBolsa de Bogotá, _c1993 |
||
| 300 |
_a98 páginas ; _c28 cm. |
||
| 505 | 0 | _aMarco general de los procesos de titularización -- El proceso de desintermediación financiera en la consecución de recursos -- La movilización de cartera -- El proceso de titularización: Una vía de financiación -- Marco económico y jurídico de la titularización en Colombia -- Aparte de actualización -- Titularización en el mercado de valores inmobiliarios | |
| 650 | 1 | 4 |
_aValores _916897 _zColombia |
| 942 |
_2ddc _cBK |
||
| 999 |
_c8304 _d8304 |
||